[Event "Blitz 2018"]
[Site "Saint-Petersburg"]
[Date "2018.12.29"]
[Round "12"]
[Board "58"]
[White "Shaposhnikov Evgeny (RUS)"]
[Black "Tang Andrew (USA)"]
[Result "0-1"]
[LiveChessVersion "1.4.8"]
[BlackElo "2501"]
[WhiteElo "2603"]

1. e4 {[%clk 0:03:03]} e5 {[%clk 0:03:03]} 2. Nf3 {[%clk 0:03:03]} Nc6
{[%clk 0:03:04]} 3. Bc4 {[%clk 0:03:05]} Bc5 {[%clk 0:03:05]} 4. c3
{[%clk 0:03:06]} Nf6 5. d3 a6 {[%clk 0:03:07]} 6. Bb3 {[%clk 0:03:09]} Ba7
{[%clk 0:03:08]} 7. h3 {[%clk 0:03:09]} d6 {[%clk 0:03:09]} 8. O-O
{[%clk 0:03:08]} h6 {[%clk 0:03:08]} 9. Nbd2 {[%clk 0:03:05]} O-O
{[%clk 0:03:08]} 10. Re1 {[%clk 0:03:06]} Re8 {[%clk 0:03:09]} 11. Nf1
{[%clk 0:03:06]} Be6 {[%clk 0:03:09]} 12. Ng3 {[%clk 0:03:02]} Bxb3
{[%clk 0:03:07]} 13. Qxb3 {[%clk 0:03:02]} b5 {[%clk 0:03:05]} 14. a4
{[%clk 0:02:59]} Qd7 {[%clk 0:02:48]} 15. Bd2 {[%clk 0:02:47]} Rab8
{[%clk 0:02:39]} 16. axb5 {[%clk 0:02:46]} axb5 {[%clk 0:02:40]} 17. Nf5
{[%clk 0:02:44]} Bb6 {[%clk 0:02:36]} 18. Qd1 {[%clk 0:02:26]} Ne7
{[%clk 0:02:35]} 19. N3h4 {[%clk 0:02:22]} Ng6 {[%clk 0:02:34]} 20. Qf3
{[%clk 0:02:21]} Qe6 {[%clk 0:02:19]} 21. Qg3 {[%clk 0:02:09]} Nh5
{[%clk 0:01:37]} 22. Qf3 {[%clk 0:02:09]} Nhf4 {[%clk 0:01:31]} 23. d4
{[%clk 0:01:47]} Qf6 {[%clk 0:01:24]} 24. Qg3 {[%clk 0:01:16]} Kh7
{[%clk 0:00:58]} 25. Nxg6 {[%clk 0:01:03]} fxg6 {[%clk 0:00:47]} 26. dxe5
{[%clk 0:01:01]} dxe5 {[%clk 0:00:46]} 27. Ne3 {[%clk 0:00:53]} Rf8
{[%clk 0:00:44]} 28. Rf1 {[%clk 0:00:44]} Ne2+ 0-1

[Event "Blitz 2018"]
[Site "Saint-Petersburg"]
[Date "2018.12.29"]
[Round "12"]
[Board "59"]
[White "Yu Yangyi (CHN)"]
[Black "Huzman Alexander (ISR)"]
[Result "1-0"]
[LiveChessVersion "1.4.8"]
[BlackElo "2543"]
[WhiteElo "2804"]

1. e4 {[%clk 0:03:03]} e6 {[%clk 0:03:02]} 2. d4 {[%clk 0:03:03]} d5
{[%clk 0:03:02]} 3. Nc3 {[%clk 0:03:04]} dxe4 {[%clk 0:03:03]} 4. Nxe4
{[%clk 0:03:05]} Nd7 {[%clk 0:03:04]} 5. Nf3 {[%clk 0:03:04]} Ngf6
{[%clk 0:03:05]} 6. Bd3 {[%clk 0:03:02]} Nxe4 {[%clk 0:03:00]} 7. Bxe4
{[%clk 0:03:02]} Nf6 {[%clk 0:03:01]} 8. Bg5 {[%clk 0:02:55]} Be7
{[%clk 0:03:02]} 9. Bd3 {[%clk 0:02:52]} b6 {[%clk 0:02:42]} 10. Ne5
{[%clk 0:02:49]} Bb7 {[%clk 0:02:43]} 11. Bb5+ {[%clk 0:02:10]} c6
{[%clk 0:02:44]} 12. Qf3 {[%clk 0:01:44]} Qd5 {[%clk 0:02:11]} 13. Qxd5
{[%clk 0:00:59]} Nxd5 {[%clk 0:02:11]} 14. Bxe7 {[%clk 0:01:00]} cxb5
{[%clk 0:02:02]} 15. Bh4 {[%clk 0:00:57]} Nf4 {[%clk 0:01:12]} 16. Bg3
{[%clk 0:00:54]} Nxg2+ {[%clk 0:01:12]} 17. Ke2 {[%clk 0:00:45]} g5
{[%clk 0:01:08]} 18. Rhg1 {[%clk 0:00:45]} f6 {[%clk 0:00:57]} 19. Nd3
{[%clk 0:00:44]} Kf7 {[%clk 0:00:56]} 20. a4 {[%clk 0:00:40]} bxa4
{[%clk 0:00:56]} 21. Rxa4 {[%clk 0:00:42]} a5 {[%clk 0:00:57]} 22. c3
{[%clk 0:00:38]} Rac8 {[%clk 0:00:50]} 23. Ra3 {[%clk 0:00:38]} Bd5
{[%clk 0:00:48]} 24. f3 {[%clk 0:00:31]} Nh4 {[%clk 0:00:49]} 25. Bxh4
{[%clk 0:00:33]} gxh4 {[%clk 0:00:50]} 26. Rg4 {[%clk 0:00:34]} h5
{[%clk 0:00:49]} 27. Rxh4 {[%clk 0:00:34]} Rcg8 {[%clk 0:00:46]} 28. Nf4
{[%clk 0:00:34]} Bc4+ {[%clk 0:00:48]} 29. Kf2 {[%clk 0:00:36]} Rg5
{[%clk 0:00:43]} 30. b3 {[%clk 0:00:34]} Ba6 {[%clk 0:00:38]} 31. c4
{[%clk 0:00:36]} Rd8 {[%clk 0:00:37]} 32. d5 {[%clk 0:00:33]} exd5
{[%clk 0:00:39]} 33. Nxd5 {[%clk 0:00:34]} Bb7 {[%clk 0:00:40]} 34. f4
{[%clk 0:00:28]} Rf5 {[%clk 0:00:31]} 35. Ne3 {[%clk 0:00:27]} Rc5
{[%clk 0:00:32]} 36. Ke2 {[%clk 0:00:27]} Re8 {[%clk 0:00:30]} 37. Ra2
{[%clk 0:00:25]} Be4 {[%clk 0:00:25]} 38. Rd2 {[%clk 0:00:26]} Re7
{[%clk 0:00:26]} 39. Rd4 {[%clk 0:00:25]} Bc6 {[%clk 0:00:26]} 40. Kd2
{[%clk 0:00:23]} b5 {[%clk 0:00:27]} 41. cxb5 {[%clk 0:00:19]} Rxb5
{[%clk 0:00:28]} 42. Nc4 {[%clk 0:00:12]} Rxb3 {[%clk 0:00:26]} 43. Nxa5
{[%clk 0:00:13]} Rb2+ {[%clk 0:00:23]} 44. Kc3 {[%clk 0:00:12]} Ree2
{[%clk 0:00:23]} 45. Nxc6 {[%clk 0:00:11]} Rec2+ {[%clk 0:00:24]} 46. Kd3
{[%clk 0:00:13]} Rxc6 {[%clk 0:00:24]} 47. Rxh5 Rb3+ 48. Kd2 {[%clk 0:00:09]}
Rb2+ {[%clk 0:00:27]} 49. Kd3 {[%clk 0:00:09]} Rb3+ {[%clk 0:00:28]} 50. Ke4
{[%clk 0:00:05]} Re6+ {[%clk 0:00:29]} 51. Kf5 {[%clk 0:00:07]} Rb5+
{[%clk 0:00:27]} 52. Kg4 {[%clk 0:00:08]} Rxh5 {[%clk 0:00:28]} 53. Kxh5
{[%clk 0:00:10]} Re3 {[%clk 0:00:28]} 54. h4 {[%clk 0:00:07]} Ke6
{[%clk 0:00:30]} 55. Kh6 {[%clk 0:00:06]} Kf5 {[%clk 0:00:30]} 56. h5
{[%clk 0:00:07]} Rh3 {[%clk 0:00:31]} 57. Ra4 {[%clk 0:00:07]} Rh1
{[%clk 0:00:32]} 58. Kg7 {[%clk 0:00:07]} Rg1+ {[%clk 0:00:24]} 59. Kf7
{[%clk 0:00:06]} Rh1 {[%clk 0:00:24]} 60. Ra5+ {[%clk 0:00:08]} Kxf4
{[%clk 0:00:22]} 61. Kxf6 {[%clk 0:00:09]} Rb1 {[%clk 0:00:14]} 62. Ra4+
{[%clk 0:00:09]} Kf3 {[%clk 0:00:15]} 63. h6 {[%clk 0:00:05]} Rb6+
{[%clk 0:00:16]} 64. Kg5 {[%clk 0:00:06]} Rb5+ {[%clk 0:00:18]} 65. Kg6 Rb6+ 66.
Kg5 {[%clk 0:00:09]} Rb5+ {[%clk 0:00:21]} 67. Kg6 {[%clk 0:00:11]} Rb6+
{[%clk 0:00:23]} 68. Kg7 {[%clk 0:00:13]} Rb7+ {[%clk 0:00:24]} 69. Kf8
{[%clk 0:00:14]} Rb8+ {[%clk 0:00:26]} 70. Ke7 {[%clk 0:00:13]} Rb7+
{[%clk 0:00:27]} 71. Kf6 {[%clk 0:00:14]} Rb6+ {[%clk 0:00:28]} 72. Kg5
{[%clk 0:00:15]} Rb5+ {[%clk 0:00:30]} 73. Kh4 {[%clk 0:00:17]} Rb6
{[%clk 0:00:30]} 74. Ra3+ {[%clk 0:00:12]} Kf4 {[%clk 0:00:31]} 75. Ra4+
{[%clk 0:00:14]} Kf3 {[%clk 0:00:32]} 76. Ra3+ {[%clk 0:00:15]} Kf4
{[%clk 0:00:33]} 77. Ra4+ {[%clk 0:00:17]} Kf3 {[%clk 0:00:33]} 78. Kg5 Rb5+ 79.
Kg6 {[%clk 0:00:15]} Rb6+ {[%clk 0:00:37]} 80. Kg7 {[%clk 0:00:16]} Rb7+
{[%clk 0:00:38]} 81. Kf8 {[%clk 0:00:17]} Rb8+ 82. Ke7 Rb7+ {[%clk 0:00:41]} 83.
Ke8 {[%clk 0:00:19]} Rb8+ {[%clk 0:00:42]} 84. Kd7 {[%clk 0:00:14]} Rh8
{[%clk 0:00:37]} 85. Rh4 {[%clk 0:00:09]} Kg3 {[%clk 0:00:38]} 86. Rh1
{[%clk 0:00:11]} Kg4 {[%clk 0:00:39]} 87. h7 {[%clk 0:00:05]} Kg5
{[%clk 0:00:39]} 88. Ke6 {[%clk 0:00:04]} Kg6 {[%clk 0:00:34]} 89. Rg1+
{[%clk 0:00:06]} Kh6 {[%clk 0:00:35]} 90. Kf7 {[%clk 0:00:05]} 1-0

[Event "Blitz 2018"]
[Site "Saint-Petersburg"]
[Date "2018.12.29"]
[Round "12"]
[Board "60"]
[White "Bocharov Ivan (RUS)"]
[Black "Goganov Aleksey (RUS)"]
[Result "0-1"]
[LiveChessVersion "1.4.8"]
[BlackElo "2539"]
[WhiteElo "2715"]

1. e4 {[%clk 0:03:04]} e5 {[%clk 0:03:01]} 2. Nf3 {[%clk 0:03:05]} Nc6
{[%clk 0:03:02]} 3. Bc4 {[%clk 0:03:05]} Bc5 {[%clk 0:03:03]} 4. O-O
{[%clk 0:03:05]} Nf6 {[%clk 0:03:04]} 5. d3 {[%clk 0:03:07]} d6 {[%clk 0:03:05]}
6. c3 {[%clk 0:03:06]} a6 {[%clk 0:03:05]} 7. a4 {[%clk 0:03:06]} h6
{[%clk 0:03:03]} 8. h3 {[%clk 0:03:01]} O-O {[%clk 0:03:03]} 9. Nbd2
{[%clk 0:02:56]} Ba7 {[%clk 0:03:00]} 10. Re1 {[%clk 0:02:56]} Ne7
{[%clk 0:03:01]} 11. d4 {[%clk 0:02:47]} exd4 {[%clk 0:02:55]} 12. cxd4
{[%clk 0:02:42]} d5 {[%clk 0:02:56]} 13. e5 {[%clk 0:02:43]} Nh5 {[%clk 0:02:41]}
14. Bb3 {[%clk 0:02:29]} Nf4 {[%clk 0:02:40]} 15. Nf1 {[%clk 0:02:26]} Neg6
{[%clk 0:02:35]} 16. Ng3 {[%clk 0:02:25]} c6 {[%clk 0:02:32]} 17. Bd2
{[%clk 0:02:21]} f6 {[%clk 0:02:21]} 18. Bb4 {[%clk 0:02:04]} fxe5
{[%clk 0:01:51]} 19. Bxf8 {[%clk 0:02:01]} Qxf8 {[%clk 0:01:33]} 20. Nxe5
{[%clk 0:01:50]} Nh4 {[%clk 0:01:33]} 21. Nh5 {[%clk 0:01:07]} Nfxg2
{[%clk 0:01:09]} 22. Ng6 {[%clk 0:00:58]} Nxg6 {[%clk 0:01:02]} 23. Kxg2
{[%clk 0:00:59]} Nh4+ {[%clk 0:01:00]} 24. Kg3 {[%clk 0:00:35]} Bxd4
{[%clk 0:00:38]} 25. f4 {[%clk 0:00:29]} Nf5+ {[%clk 0:00:39]} 26. Kh2
{[%clk 0:00:29]} Bd7 {[%clk 0:00:34]} 27. Qd3 {[%clk 0:00:28]} Qf7
{[%clk 0:00:32]} 28. Ng3 {[%clk 0:00:28]} Bf2 {[%clk 0:00:31]} 29. Nxf5
{[%clk 0:00:27]} Bxf5 {[%clk 0:00:32]} 30. Qf3 {[%clk 0:00:21]} Bxe1
{[%clk 0:00:33]} 31. Rxe1 {[%clk 0:00:23]} Re8 {[%clk 0:00:33]} 32. Re5
{[%clk 0:00:23]} Rxe5 {[%clk 0:00:27]} 33. fxe5 {[%clk 0:00:24]} Be4
{[%clk 0:00:27]} 34. Qg3 {[%clk 0:00:18]} Qf1 {[%clk 0:00:22]} 0-1

[Event "Blitz 2018"]
[Site "Saint-Petersburg"]
[Date "2018.12.29"]
[Round "12"]
[Board "61"]
[White "Maslak Konstantin (RUS)"]
[Black "Alekseenko Kirill (RUS)"]
[Result "1-0"]
[LiveChessVersion "1.4.8"]
[BlackElo "2665"]
[WhiteElo "2537"]

1. e4 {[%clk 0:03:02]} c5 {[%clk 0:03:03]} 2. Nf3 {[%clk 0:03:03]} Nc6
{[%clk 0:03:04]} 3. Bb5 {[%clk 0:03:01]} g6 {[%clk 0:03:05]} 4. O-O
{[%clk 0:02:52]} Bg7 {[%clk 0:03:06]} 5. Bxc6 {[%clk 0:02:39]} dxc6
{[%clk 0:03:06]} 6. h3 {[%clk 0:02:36]} Nh6 {[%clk 0:03:05]} 7. d3
{[%clk 0:02:32]} b6 {[%clk 0:03:00]} 8. Nc3 {[%clk 0:02:28]} O-O {[%clk 0:02:57]}
9. Bg5 {[%clk 0:02:20]} f6 {[%clk 0:02:56]} 10. Bxh6 {[%clk 0:01:39]} Bxh6
{[%clk 0:02:57]} 11. d4 {[%clk 0:01:40]} cxd4 {[%clk 0:02:55]} 12. Qxd4
{[%clk 0:01:23]} Qxd4 {[%clk 0:02:53]} 13. Nxd4 {[%clk 0:01:23]} Bd7
{[%clk 0:02:53]} 14. Rad1 {[%clk 0:01:16]} Rad8 {[%clk 0:02:45]} 15. Nde2
{[%clk 0:01:02]} e5 {[%clk 0:02:38]} 16. Rd6 {[%clk 0:00:53]} Kf7
{[%clk 0:02:29]} 17. Rfd1 {[%clk 0:00:53]} Ke7 {[%clk 0:02:30]} 18. R6d3
{[%clk 0:00:46]} Be6 {[%clk 0:01:55]} 19. b3 {[%clk 0:00:40]} Rxd3
{[%clk 0:01:55]} 20. Rxd3 {[%clk 0:00:39]} Rd8 {[%clk 0:01:51]} 21. Rxd8
{[%clk 0:00:23]} Kxd8 {[%clk 0:01:52]} 22. Kf1 {[%clk 0:00:24]} Ke7
{[%clk 0:01:51]} 23. Ke1 {[%clk 0:00:25]} Kd6 {[%clk 0:01:51]} 24. Kd1
{[%clk 0:00:15]} a5 {[%clk 0:01:44]} 25. Nb1 {[%clk 0:00:09]} f5 {[%clk 0:01:41]}
26. f3 {[%clk 0:00:08]} Ke7 {[%clk 0:01:18]} 27. c3 {[%clk 0:00:06]} Kf6
{[%clk 0:01:19]} 28. Kc2 {[%clk 0:00:06]} Bf8 {[%clk 0:01:17]} 29. Kd3
{[%clk 0:00:07]} Bc8 {[%clk 0:01:13]} 30. Nd2 {[%clk 0:00:06]} Ba6+
{[%clk 0:01:14]} 31. c4 {[%clk 0:00:07]} Bb4 {[%clk 0:01:11]} 32. Nf1
{[%clk 0:00:06]} h5 {[%clk 0:01:09]} 33. Ne3 {[%clk 0:00:06]} Bc5
{[%clk 0:01:01]} 34. Nc2 {[%clk 0:00:07]} Kg5 {[%clk 0:01:00]} 35. a3
{[%clk 0:00:06]} Kf6 {[%clk 0:00:49]} 36. b4 {[%clk 0:00:07]} Bf8
{[%clk 0:00:49]} 37. Nc3 {[%clk 0:00:07]} Ke6 {[%clk 0:00:39]} 38. b5
{[%clk 0:00:07]} cxb5 {[%clk 0:00:32]} 39. cxb5 Bb7 40. Na4 {[%clk 0:00:09]} Bc5
{[%clk 0:00:23]} 41. Nxc5+ {[%clk 0:00:07]} bxc5 {[%clk 0:00:24]} 42. Ne3
{[%clk 0:00:08]} a4 {[%clk 0:00:15]} 43. Nc4 {[%clk 0:00:09]} Bc8
{[%clk 0:00:15]} 44. Nb6 {[%clk 0:00:09]} Bd7 {[%clk 0:00:15]} 45. Kc4
{[%clk 0:00:10]} Be8 {[%clk 0:00:15]} 46. Nxa4 {[%clk 0:00:11]} Kd6
{[%clk 0:00:16]} 47. Nxc5 {[%clk 0:00:12]} g5 {[%clk 0:00:09]} 48. a4
{[%clk 0:00:12]} g4 {[%clk 0:00:09]} 49. hxg4 {[%clk 0:00:09]} fxg4
{[%clk 0:00:09]} 50. fxg4 {[%clk 0:00:11]} h4 {[%clk 0:00:09]} 51. a5
{[%clk 0:00:12]} Bf7+ {[%clk 0:00:09]} 52. Kb4 {[%clk 0:00:13]} Kc7
{[%clk 0:00:08]} 53. b6+ Kc6 54. Nd3 {[%clk 0:00:14]} Kb7 {[%clk 0:00:08]} 55.
Nxe5 {[%clk 0:00:14]} Be8 {[%clk 0:00:07]} 56. Nf3 {[%clk 0:00:14]} Bc6
{[%clk 0:00:07]} 57. Nxh4 {[%clk 0:00:13]} Bxe4 {[%clk 0:00:09]} 58. g5
{[%clk 0:00:14]} 1-0

[Event "Blitz 2018"]
[Site "Saint-Petersburg"]
[Date "2018.12.29"]
[Round "12"]
[Board "62"]
[White "Zvjaginsev Vadim (RUS)"]
[Black "Geller Jakov (RUS)"]
[Result "1-0"]
[LiveChessVersion "1.4.8"]
[BlackElo "2528"]
[WhiteElo "2649"]

1. e4 {[%clk 0:03:03]} c5 {[%clk 0:03:03]} 2. Nf3 {[%clk 0:03:04]} e6
{[%clk 0:03:03]} 3. g3 {[%clk 0:03:04]} Nc6 {[%clk 0:03:02]} 4. Bg2
{[%clk 0:03:05]} Qc7 {[%clk 0:03:01]} 5. O-O {[%clk 0:03:04]} Nf6
{[%clk 0:02:53]} 6. Re1 {[%clk 0:03:05]} d6 {[%clk 0:02:51]} 7. c3
{[%clk 0:03:06]} Be7 {[%clk 0:02:49]} 8. d4 {[%clk 0:03:07]} cxd4
{[%clk 0:02:24]} 9. cxd4 {[%clk 0:03:07]} O-O {[%clk 0:02:15]} 10. Nc3
{[%clk 0:03:07]} a6 {[%clk 0:02:16]} 11. e5 {[%clk 0:02:42]} dxe5
{[%clk 0:02:12]} 12. dxe5 {[%clk 0:02:42]} Rd8 {[%clk 0:02:06]} 13. Qe2
{[%clk 0:02:29]} Nd5 {[%clk 0:01:57]} 14. Nxd5 {[%clk 0:02:24]} exd5
{[%clk 0:01:53]} 15. Be3 {[%clk 0:02:02]} d4 {[%clk 0:01:45]} 16. Bf4
{[%clk 0:01:58]} Be6 {[%clk 0:01:46]} 17. Rac1 {[%clk 0:01:51]} d3
{[%clk 0:01:37]} 18. Qd2 {[%clk 0:01:51]} Qb6 {[%clk 0:01:30]} 19. Be3
{[%clk 0:01:44]} Qb5 {[%clk 0:01:26]} 20. a3 {[%clk 0:01:33]} Na5
{[%clk 0:01:25]} 21. Rc3 {[%clk 0:01:30]} Nc4 {[%clk 0:01:15]} 22. Qc1
{[%clk 0:01:31]} Nxe3 {[%clk 0:00:53]} 23. Qxe3 {[%clk 0:01:29]} Qxb2
{[%clk 0:00:52]} 24. Rxd3 {[%clk 0:01:26]} Rxd3 {[%clk 0:00:53]} 25. Qxd3
{[%clk 0:01:27]} Qxa3 {[%clk 0:00:48]} 26. Qxa3 {[%clk 0:01:28]} Bxa3
{[%clk 0:00:49]} 27. Nd4 {[%clk 0:01:29]} Bc4 {[%clk 0:00:37]} 28. Bxb7
{[%clk 0:01:23]} Rb8 {[%clk 0:00:38]} 29. Be4 {[%clk 0:01:18]} Bb2
{[%clk 0:00:27]} 30. Nc6 {[%clk 0:01:13]} Rb6 {[%clk 0:00:22]} 31. Rd1
{[%clk 0:01:13]} g6 {[%clk 0:00:21]} 32. Kg2 {[%clk 0:01:07]} Bb5
{[%clk 0:00:20]} 33. Rb1 {[%clk 0:00:46]} Rxc6 {[%clk 0:00:13]} 34. Rxb2
{[%clk 0:00:46]} Rc5 {[%clk 0:00:11]} 35. f4 {[%clk 0:00:44]} a5 {[%clk 0:00:13]}
36. Rd2 {[%clk 0:00:43]} a4 {[%clk 0:00:13]} 37. Rd8+ {[%clk 0:00:44]} Kg7
{[%clk 0:00:14]} 38. Ra8 {[%clk 0:00:45]} h5 {[%clk 0:00:11]} 39. Ra7
{[%clk 0:00:44]} Be8 {[%clk 0:00:09]} 40. e6 {[%clk 0:00:43]} Kf8
{[%clk 0:00:04]} 41. e7+ {[%clk 0:00:31]} Kg7 {[%clk 0:00:05]} 42. Ra8
{[%clk 0:00:32]} Bd7 {[%clk 0:00:05]} 43. e8=Q {[%clk 0:00:32]} Bxe8
{[%clk 0:00:06]} 44. Rxe8 {[%clk 0:00:32]} Ra5 {[%clk 0:00:07]} 45. Ra8
{[%clk 0:00:32]} 1-0

[Event "Blitz 2018"]
[Site "Saint-Petersburg"]
[Date "2018.12.29"]
[Round "12"]
[Board "63"]
[White "Anisimov Pavel (RUS)"]
[Black "Piorun Kacper (POL)"]
[Result "1-0"]
[LiveChessVersion "1.4.8"]
[BlackElo "2646"]
[WhiteElo "2519"]

1. d4 {[%clk 0:03:02]} Nf6 {[%clk 0:03:02]} 2. Bf4 {[%clk 0:03:03]} e6
{[%clk 0:02:59]} 3. e3 {[%clk 0:03:03]} Be7 {[%clk 0:02:58]} 4. Nf3
{[%clk 0:03:01]} b6 {[%clk 0:02:58]} 5. Bd3 {[%clk 0:03:00]} Bb7 {[%clk 0:02:59]}
6. Nbd2 {[%clk 0:03:00]} d6 {[%clk 0:02:56]} 7. h3 {[%clk 0:02:54]} Nbd7
{[%clk 0:02:54]} 8. c3 {[%clk 0:02:52]} O-O {[%clk 0:02:43]} 9. Qe2
{[%clk 0:02:52]} c5 {[%clk 0:02:43]} 10. O-O {[%clk 0:02:48]} Re8
{[%clk 0:02:30]} 11. Bh2 {[%clk 0:02:43]} Bf8 {[%clk 0:02:29]} 12. e4
{[%clk 0:02:40]} e5 {[%clk 0:02:10]} 13. dxe5 {[%clk 0:02:29]} Nxe5
{[%clk 0:02:05]} 14. Nxe5 {[%clk 0:02:24]} dxe5 {[%clk 0:02:06]} 15. Nc4
{[%clk 0:02:11]} b5 {[%clk 0:01:54]} 16. Nxe5 {[%clk 0:01:53]} c4
{[%clk 0:01:55]} 17. Bc2 {[%clk 0:01:54]} Bd6 {[%clk 0:01:41]} 18. Rad1 Qc7 19.
f4 {[%clk 0:01:32]} Bxe5 {[%clk 0:01:25]} 20. fxe5 {[%clk 0:01:33]} Nd7
{[%clk 0:01:26]} 21. Rxf7 {[%clk 0:01:14]} Qc5+ {[%clk 0:00:54]} 22. Qf2
{[%clk 0:01:06]} Qxf2+ {[%clk 0:00:53]} 23. Rxf2 {[%clk 0:01:04]} Nc5
{[%clk 0:00:46]} 24. Rd4 {[%clk 0:00:56]} Re7 {[%clk 0:00:28]} 25. a4
{[%clk 0:00:51]} a6 {[%clk 0:00:27]} 26. a5 {[%clk 0:00:48]} h6 {[%clk 0:00:25]}
27. Rfd2 {[%clk 0:00:43]} Rae8 {[%clk 0:00:19]} 28. Bg3 {[%clk 0:00:41]} Nb3
{[%clk 0:00:08]} 29. Bxb3 {[%clk 0:00:40]} cxb3 {[%clk 0:00:10]} 30. Kf2
{[%clk 0:00:35]} Rf8+ {[%clk 0:00:06]} 31. Ke3 {[%clk 0:00:36]} Rf1
{[%clk 0:00:04]} 32. Rd7 {[%clk 0:00:35]} Rff7 {[%clk 0:00:04]} 33. Rxe7
{[%clk 0:00:31]} Rxe7 {[%clk 0:00:05]} 34. Rd6 {[%clk 0:00:23]} Kf7
{[%clk 0:00:04]} 35. Kd4 {[%clk 0:00:23]} Re6 {[%clk 0:00:04]} 36. Rd8
{[%clk 0:00:18]} Re8 {[%clk 0:00:04]} 37. Rd7+ {[%clk 0:00:14]} Re7
{[%clk 0:00:06]} 38. Rd6 {[%clk 0:00:13]} Re6 {[%clk 0:00:07]} 39. Bf4
{[%clk 0:00:10]} Rxd6+ {[%clk 0:00:03]} 40. exd6 {[%clk 0:00:11]} Ke6
{[%clk 0:00:05]} 41. h4 {[%clk 0:00:09]} h5 {[%clk 0:00:06]} 42. g3
{[%clk 0:00:08]} g6 {[%clk 0:00:07]} 43. Be5 {[%clk 0:00:06]} Bc6
{[%clk 0:00:05]} 44. Bf4 {[%clk 0:00:07]} b4 {[%clk 0:00:04]} 45. c4
{[%clk 0:00:06]} Bd7 {[%clk 0:00:04]} 46. e5 {[%clk 0:00:06]} Bc6
{[%clk 0:00:05]} 47. Kc5 {[%clk 0:00:07]} 1-0

[Event "Blitz 2018"]
[Site "Saint-Petersburg"]
[Date "2018.12.29"]
[Round "12"]
[Board "64"]
[White "Zubritskiy Artyom (RUS)"]
[Black "Alekseev Evgeny (RUS)"]
[Result "0-1"]
[LiveChessVersion "1.4.8"]
[BlackElo "2634"]
[WhiteElo "2513"]

1. c4 {[%clk 0:03:03]} c5 {[%clk 0:03:02]} 2. g3 {[%clk 0:03:02]} g6
{[%clk 0:03:03]} 3. Bg2 {[%clk 0:03:03]} Bg7 {[%clk 0:03:04]} 4. Nc3
{[%clk 0:03:04]} Nc6 {[%clk 0:03:04]} 5. Nf3 {[%clk 0:03:00]} d6 {[%clk 0:03:04]}
6. O-O {[%clk 0:03:00]} e6 {[%clk 0:03:05]} 7. a3 {[%clk 0:02:42]} Nge7
{[%clk 0:03:04]} 8. Rb1 {[%clk 0:02:42]} O-O {[%clk 0:03:02]} 9. b4
{[%clk 0:02:42]} b6 {[%clk 0:03:02]} 10. Qb3 {[%clk 0:02:00]} Bb7
{[%clk 0:02:58]} 11. Bb2 {[%clk 0:01:58]} Qd7 {[%clk 0:02:41]} 12. bxc5
{[%clk 0:01:42]} dxc5 {[%clk 0:02:41]} 13. Ne4 {[%clk 0:01:32]} e5
{[%clk 0:02:42]} 14. d3 {[%clk 0:01:21]} h6 {[%clk 0:02:16]} 15. e3
{[%clk 0:01:07]} Rad8 {[%clk 0:01:57]} 16. Rbd1 {[%clk 0:00:59]} Kh7
{[%clk 0:01:40]} 17. Qc2 {[%clk 0:00:43]} Kh8 {[%clk 0:01:36]} 18. Qb1
{[%clk 0:00:21]} f5 {[%clk 0:01:33]} 19. Nc3 {[%clk 0:00:22]} g5 {[%clk 0:01:30]}
20. Nd5 {[%clk 0:00:16]} Qe6 {[%clk 0:01:24]} 21. Nc7 {[%clk 0:00:05]} Qf7
{[%clk 0:01:15]} 22. Qa1 {[%clk 0:00:06]} Ng6 {[%clk 0:00:46]} 23. Nd5
{[%clk 0:00:07]} Kh7 {[%clk 0:00:42]} 24. Nd2 {[%clk 0:00:07]} Rd7
{[%clk 0:00:38]} 25. f4 {[%clk 0:00:07]} exf4 {[%clk 0:00:30]} 26. Bxg7
{[%clk 0:00:07]} Qxg7 {[%clk 0:00:30]} 27. Qxg7+ {[%clk 0:00:08]} Rxg7
{[%clk 0:00:26]} 28. exf4 {[%clk 0:00:05]} Nd4 {[%clk 0:00:24]} 29. Rde1
{[%clk 0:00:05]} Bxd5 {[%clk 0:00:20]} 30. Bxd5 {[%clk 0:00:05]} gxf4
{[%clk 0:00:21]} 31. Kh1 {[%clk 0:00:06]} fxg3 {[%clk 0:00:18]} 32. hxg3
{[%clk 0:00:07]} Re7 {[%clk 0:00:16]} 33. Rxe7+ Nxe7 {[%clk 0:00:17]} 34. Bg2
{[%clk 0:00:04]} Kg7 {[%clk 0:00:17]} 35. Re1 {[%clk 0:00:05]} Ng6
{[%clk 0:00:16]} 36. Nb1 {[%clk 0:00:06]} f4 {[%clk 0:00:15]} 37. gxf4
{[%clk 0:00:07]} Rxf4 {[%clk 0:00:14]} 38. Nc3 {[%clk 0:00:08]} Rf7
{[%clk 0:00:12]} 39. Nd5 {[%clk 0:00:07]} Nf4 {[%clk 0:00:10]} 40. Be4
{[%clk 0:00:06]} Nxd5 {[%clk 0:00:10]} 41. Bxd5 {[%clk 0:00:07]} Rc7
{[%clk 0:00:05]} 42. Re8 {[%clk 0:00:06]} Kf6 {[%clk 0:00:06]} 43. Kh2
{[%clk 0:00:06]} Re7 {[%clk 0:00:06]} 44. Rh8 {[%clk 0:00:06]} Kg5
{[%clk 0:00:07]} 45. Be4 {[%clk 0:00:06]} h5 {[%clk 0:00:06]} 46. Kg3
{[%clk 0:00:06]} Ne2+ {[%clk 0:00:06]} 47. Kf3 {[%clk 0:00:06]} Nd4+
{[%clk 0:00:07]} 48. Kg3 {[%clk 0:00:08]} Rg7 {[%clk 0:00:08]} 49. Rf8
{[%clk 0:00:07]} h4+ {[%clk 0:00:07]} 50. Kh3 {[%clk 0:00:07]} Re7
{[%clk 0:00:07]} 51. Rg8+ {[%clk 0:00:07]} Kf4 {[%clk 0:00:09]} 52. Kxh4
{[%clk 0:00:04]} Ke3 {[%clk 0:00:10]} 53. Kg5 {[%clk 0:00:04]} Kd2
{[%clk 0:00:09]} 54. Kf6 {[%clk 0:00:05]} Rc7 {[%clk 0:00:08]} 55. Rg1
{[%clk 0:00:00]} Kc3 {[%clk 0:00:08]} 0-1

[Event "Blitz 2018"]
[Site "Saint-Petersburg"]
[Date "2018.12.29"]
[Round "12"]
[Board "65"]
[White "Rakhmanov Aleksandr (RUS)"]
[Black "Bocharov Dmitry (RUS)"]
[Result "1-0"]
[LiveChessVersion "1.4.8"]
[BlackElo "2517"]
[WhiteElo "2615"]

1. c4 {[%clk 0:03:03]} e5 {[%clk 0:03:01]} 2. Nf3 {[%clk 0:03:03]} d6
{[%clk 0:03:02]} 3. d4 {[%clk 0:03:04]} e4 {[%clk 0:03:03]} 4. Ng5
{[%clk 0:03:05]} f5 {[%clk 0:03:03]} 5. Nc3 {[%clk 0:03:00]} Nf6 {[%clk 0:03:00]}
6. Nh3 {[%clk 0:02:56]} c6 {[%clk 0:02:56]} 7. Bg5 {[%clk 0:02:56]} Be7
{[%clk 0:02:54]} 8. Nf4 {[%clk 0:02:50]} O-O {[%clk 0:02:54]} 9. e3
{[%clk 0:02:51]} Na6 {[%clk 0:02:50]} 10. h4 {[%clk 0:02:48]} Nc7
{[%clk 0:02:50]} 11. d5 {[%clk 0:02:38]} Ng4 {[%clk 0:02:39]} 12. Be2
{[%clk 0:02:19]} Ne5 {[%clk 0:02:34]} 13. c5 {[%clk 0:02:12]} cxd5
{[%clk 0:01:51]} 14. Ncxd5 {[%clk 0:01:56]} Bxg5 {[%clk 0:01:39]} 15. hxg5
{[%clk 0:01:49]} dxc5 {[%clk 0:01:40]} 16. Nxc7 {[%clk 0:01:41]} Qxc7
{[%clk 0:01:34]} 17. Qd5+ {[%clk 0:01:31]} Rf7 {[%clk 0:01:30]} 18. O-O-O
{[%clk 0:01:03]} g6 {[%clk 0:01:11]} 19. Qd8+ {[%clk 0:00:29]} Kg7
{[%clk 0:01:02]} 20. Rxh7+ {[%clk 0:00:27]} 1-0